| 000 | 01267naa a22003017a 4500 | ||
|---|---|---|---|
| 001 | BR9601802 | ||
| 003 | BR-BrBNA | ||
| 005 | 20240918181629.0 | ||
| 007 | ta | ||
| 008 | 230509b bl.||||| |||| 00| 0 por d | ||
| 040 |
_aBR-BrBNA _bpor _cBiblioteca Nacional de Agricultura |
||
| 041 | _a(Pt) | ||
| 072 |
_aL02 _b5214 _b8952 _b0120 |
||
| 090 | _aL02 BR9601802 | ||
| 100 | 1 | _aBattistel, L.A. | |
| 111 | 1 |
_a1. Seminario de Experiencias de Campo na Area de Criacoes _cCuritiba, PR (Brazil) _d30 Sep 1982 |
|
| 245 | 1 | _aEngorda de bovinos em confinamento com silagem de milho | |
| 260 | 3 |
_aCuritiba, PR (Brasil): _c1984. |
|
| 500 | _aGomes, P.R.M. (coord.) 1. Seminario de Experiencias de Campo na Area de Criacoes. v. 1. Bovinocultura; Forrageiras Curitiba, PR (Brasil): 1984. p. 7-22 (BR9601802-AM)L02 | ||
| 650 | _aGado Leiteiro | ||
| 650 | _aConfinamento | ||
| 650 | _aSilagem | ||
| 650 | _aConsumo | ||
| 650 | _aEngorda | ||
| 773 | 0 |
_t1. Seminario de Experiencias de Campo na Area de Criacoes. v. 1. Bovinocultura; Forrageiras _aGomes, P.R.M. (coord.). Empresa Paranaense de Assistencia Tecnica e Extensao Rural, Curitiba, PR (Brasil) _wL02 BR9601802 _gCuritiba, PR (Brasil), 1984. p. 7-22 |
|
| 909 |
_a202404 _bLucia _c55 _dLucia Elande |
||
| 942 |
_cAM _2AGRIS |
||
| 999 |
_c326137 _d326137 |
||